000 00472nam a2200181 a 4500
001 28659
005 20180713231602.0
008 140415s1990 mx 000 0 spa d
020 _a9686037195
041 _aspa
082 _a657.45
_bIMCP
110 2 _aInstituto Mexicano de Contadores Públicos,.
245 1 0 _aNORMAS Y PROCEDIMIENTOS DE AUDITORIA
250 _a1a ed.
260 _aMEXICO :
_bIMCP,
_c1990
520 _aCG
650 1 4 _aAUDITORIA
999 _c28659
_d28659